El judaísmo y el cristianismo antiguo (Record no. 144951)

MARC details
000 -LEADER
campo de control de longitud fija 00902nam a2200253 4500
001 - NÚMERO DE CONTROL
campo de control 144951
003 - IDENTIFICADOR DE NÚMERO DE CONTROL
campo de control ES-MaACL
005 - FECHA Y HORA DE LA ÚLTIMA TRANSACCIÓN
campo de control 20250815032118.0
007 - CAMPO FIJO DE DESCRIPCIÓN FÍSICA--INFORMACIÓN GENERAL
campo de control de longitud fija t|
008 - DATOS DE LONGITUD FIJA--INFORMACIÓN GENERAL
campo de control de longitud fija 070214s1972 sp r ||||1| spa d
080 ## - NÚMERO DE LA CLASIFICACIÓN DECIMAL UNIVERSAL
Número de la Clasificación Decimal Universal 296:282"00/03"
080 ## - NÚMERO DE LA CLASIFICACIÓN DECIMAL UNIVERSAL
Número de la Clasificación Decimal Universal 282:296"00/03"
100 1# - ENTRADA PRINCIPAL--NOMBRE DE PERSONA
Nombre de persona Simon, Marcel.
9 (RLIN) 106525
245 13 - MENCIÓN DEL TÍTULO
Título El judaísmo y el cristianismo antiguo
Resto del título : de Antíoco Epífanes a Coonstantino /
Mención de responsabilidad, etc. Marcel Simon, André Benoit ; traducción de Irene Castells.
260 ## - PUBLICACIÓN, DISTRIBUCIÓN, ETC.
Lugar de publicación, distribución, etc. Barcelona :
Nombre del editor, distribuidor, etc. Labor,
Fecha de publicación, distribución, etc. 1972.
300 ## - DESCRIPCIÓN FÍSICA
Extensión XIX, 305 p. ;
Dimensiones 20 cm.
490 1# - MENCIÓN DE SERIE
Mención de serie Colección Nueva Clío. La Historia y sus Problemas ;
Designación de volumen o secuencia 10
650 #4 - PUNTO DE ACCESO ADICIONAL DE MATERIA--TÉRMINO DE MATERIA
Término de materia o nombre geográfico como elemento de entrada Cristianismo y judaísmo.
9 (RLIN) 11435
700 1# - ENTRADA AGREGADA--NOMBRE PERSONAL
Nombre de persona Benoit, André.
9 (RLIN) 27752
700 1# - ENTRADA AGREGADA--NOMBRE PERSONAL
Nombre de persona Castells, Irene.
9 (RLIN) 36587
830 00 - PUNTO DE ACCESO ADICIONAL DE SERIE-TÍTULO UNIFORME
Título uniforme Colección Nueva Clío.
Nombre de parte o sección de la obra La historia y sus problemas
Designación de volumen o secuencia 10
9 (RLIN) 220722
852 ## - LOCALIZACIÓN
Ubicación ES-MaACL
Número de control de estantería E-8383
Sublocalización o colección R.92701
Holdings
Estatus retirado Estado de pérdida Estado de daño No para préstamo Biblioteca de origen Biblioteca actual Ubicación en estantería Fecha de adquisición Fuente de adquisición Total de préstamos Signatura topográfica completa Código de barras Visto por última vez Precio de reemplazo Tipo de ítem Koha
        Biblioteca del Ateneo de Madrid Biblioteca del Ateneo de Madrid Depósito 2 17/01/2008     E-8383 1151258 23/02/2023 23/02/2023 Libro impreso